[Event "Goiania op"]
[Site "Goiania"]
[Date "2021.02.28"]
[Round "5"]
[White "Borensztajn, David"]
[Black "Galindo, Vinicius Lemos"]
[Result "1/2-1/2"]
[WhiteElo "1642"]
[BlackElo "2014"]
[PlyCount "21"]
[EventDate "2021.02.26"]
[EventType "swiss"]
[EventRounds "6"]
[EventCountry "BRA"]
[SourceTitle "EXT 2022"]
[Source "ChessBase"]
[SourceDate "2021.10.06"]
[SourceVersion "1"]
[SourceVersionDate "2021.10.06"]
[SourceQuality "1"]

1. d4 Nf6 2. Bf4 c5 3. c3 cxd4 4. cxd4 Qb6 5. Qc2 Nc6 6. e3 Nd5 7. Bg3 d6 8. Nc3 Ndb4 9. Qd2 Bf5 10. Rc1 e6 11. Nf3 1/2-1/2

[Event "Goiania op"]
[Site "Goiania"]
[Date "2021.02.27"]
[Round "4"]
[White "Galindo, Vinicius Lemos"]
[Black "De Oliveira, Caio Guilherme Viei"]
[Result "1-0"]
[WhiteElo "2014"]
[BlackElo "1326"]
[PlyCount "47"]
[EventDate "2021.02.26"]
[EventType "swiss"]
[EventRounds "6"]
[EventCountry "BRA"]
[SourceTitle "EXT 2022"]
[Source "ChessBase"]
[SourceDate "2021.10.06"]
[SourceVersion "1"]
[SourceVersionDate "2021.10.06"]
[SourceQuality "1"]

1. d4 Nf6 2. Bf4 g6 3. Nc3 Bg7 4. e4 d6 5. Qd2 Nbd7 6. Bh6 0-0 7. h4 e5 8. d5 c6 9. Bxg7 Kxg7 10. dxc6 bxc6 11. Qxd6 Qb6 12. 0-0-0 Rb8 13. b3 Qxf2 14. Nf3 Qe3+ 15. Kb2 Nxe4 16. Nxe4 Qxe4 17. Bc4 Qf5 18. Ng5 Qf6 19. Rhf1 Qxd6 20. Rxd6 Nb6 21. Rxf7+ Rxf7 22. Bxf7 h6 23. Rxg6+ Kf8 24. Rg8+ 1-0

[Event "Goiania op"]
[Site "Goiania"]
[Date "2021.02.27"]
[Round "3"]
[White "Sales, Mario Seixas"]
[Black "Galindo, Vinicius Lemos"]
[Result "0-1"]
[WhiteElo "1800"]
[BlackElo "2014"]
[PlyCount "56"]
[EventDate "2021.02.26"]
[EventType "swiss"]
[EventRounds "6"]
[EventCountry "BRA"]
[SourceTitle "EXT 2022"]
[Source "ChessBase"]
[SourceDate "2021.10.06"]
[SourceVersion "1"]
[SourceVersionDate "2021.10.06"]
[SourceQuality "1"]

1. e4 c5 2. Nf3 Nc6 3. Bb5 e6 4. c4 Qc7 5. Nc3 Nge7 6. 0-0 a6 7. Ba4 Ng6 8. d3 b6 9. Ne2 Bb7 10. h4 Nce5 11. Nxe5 Qxe5 12. f4 Qh5 13. b3 Nxh4 14. d4 Bxe4 15. Bxd7+ Kxd7 16. dxc5+ Ke8 17. Ba3 Bxc5+ 18. Bxc5 Qxc5+ 19. Rf2 Rd8 20. Qe1 Nxg2 21. Qc3 Ke7 22. b4 Qe3 23. Qe5 f6 24. Qh5 Rd2 25. Raf1 g6 26. Qh6 Kf7 27. Nc3 Rxf2 28. Rxf2 Qxc3 0-1

[Event "Trindade op"]
[Site "Trindade"]
[Date "2018.09.01"]
[Round "3"]
[White "Galindo, Vinicius Lemos"]
[Black "Silva, Bruno Fagner"]
[Result "1-0"]
[WhiteElo "2019"]
[BlackElo "1456"]
[PlyCount "65"]
[EventDate "2018.08.31"]
[EventType "swiss"]
[EventRounds "6"]
[EventCountry "BRA"]
[SourceTitle "CBM 187 Extra"]
[Source "ChessBase"]
[SourceDate "2018.11.04"]
[SourceVersion "1"]
[SourceVersionDate "2018.11.04"]
[SourceQuality "1"]

1. d4 Nf6 2. Bf4 g6 3. Nf3 Bg7 4. e3 0-0 5. h3 d6 6. Be2 Nbd7 7. c4 Re8 8. Nc3 e5 9. Bg5 h6 10. Bh4 g5 11. Bg3 e4 12. Nd2 c5 13. Bxd6 cxd4 14. exd4 Qb6 15. Nb5 Nf8 16. c5 Qc6 17. 0-0 e3 18. Nf3 Nd5 19. Ne5 Bxe5 20. dxe5 Ng6 21. Bc4 Be6 22. Nd4 exf2+ 23. Rxf2 Ne3 24. Qh5 Qc8 25. Bxe6 Rxe6 26. Nxe6 Qxe6 27. Rf6 Qd5 28. Rxg6+ fxg6 29. Qxg6+ Kh8 30. Qxh6+ Kg8 31. Qxg5+ Kh8 32. Qxe3 Re8 33. Qh6+ 1-0

[Event "Goiania FEXEG Cup"]
[Site "Goiania"]
[Date "2018.05.18"]
[Round "2"]
[White "Galindo, Vinicius Lemos"]
[Black "Diamant, Andre"]
[Result "0-1"]
[WhiteElo "2025"]
[BlackElo "2523"]
[PlyCount "90"]
[EventDate "2018.05.18"]
[EventType "swiss"]
[EventRounds "6"]
[EventCountry "BRA"]
[SourceTitle "CBM 184 Extra"]
[Source "ChessBase"]
[SourceDate "2018.06.28"]
[SourceVersion "1"]
[SourceVersionDate "2018.06.28"]
[SourceQuality "1"]

1. d4 Nf6 2. Bf4 c5 3. c3 e6 4. Nf3 b6 5. e3 Bb7 6. Nbd2 Be7 7. Bd3 Nh5 8. Bg3 Nxg3 9. hxg3 h6 10. Ne5 d6 11. Bb5+ Kf8 12. Nd3 Bxg2 13. Rh2 Bb7 14. f4 Nd7 15. Qe2 a6 16. Ba4 g6 17. Nf3 Nf6 18. Nf2 Kg7 19. e4 cxd4 20. Nxd4 Qc7 21. f5 e5 22. Nf3 b5 23. Bc2 Rac8 24. 0-0-0 Qc4 25. Qxc4 Rxc4 26. Nd2 Rc7 27. fxg6 fxg6 28. Kb1 Bc8 29. Nf1 Bb7 30. Ne3 Rd7 31. Nd5 Nxd5 32. exd5 Rdd8 33. Ne4 Rdf8 34. a4 Rf3 35. axb5 axb5 36. b3 Rhf8 37. Kb2 h5 38. Ka2 Bc8 39. Kb2 Bf5 40. Rg1 Rc8 41. Nd2 Rfxc3 42. Bxf5 gxf5 43. Nb1 R3c5 44. Rxh5 Kg6 45. Rgh1 Bg5 0-1

[Event "Goiania-ch Phase 01"]
[Site "Goiania"]
[Date "2014.03.09"]
[Round "6"]
[White "Rosa, Paulo Estevao"]
[Black "Galindo, Vinicius Lemos"]
[Result "1/2-1/2"]
[WhiteElo "1622"]
[BlackElo "2032"]
[PlyCount "93"]
[EventDate "2014.03.07"]
[EventType "swiss"]
[EventRounds "6"]
[EventCountry "BRA"]
[SourceTitle "CBM 159 Extra"]
[Source "ChessBase"]
[SourceDate "2014.04.24"]
[SourceVersion "1"]
[SourceVersionDate "2014.04.24"]
[SourceQuality "1"]

1. e3 e5 2. c4 Nf6 3. b3 Nc6 4. Bb2 d5 5. cxd5 Qxd5 6. Nf3 Bg4 7. Nc3 Qd7 8. Be2 e4 9. Ng5 Ne5 10. 0-0 Bxe2 11. Qxe2 Nd3 12. Bc1 0-0-0 13. Ngxe4 Nxe4 14. Nxe4 f5 15. Ng5 h6 16. Nf3 Bc5 17. Rb1 Rhe8 18. Bb2 f4 19. Bc3 Qg4 20. h3 Qg6 21. Nh4 Qe4 22. Qg4+ Kb8 23. Qf5 fxe3 24. dxe3 Qxh4 25. Bxg7 Nxf2 26. Bf6 Nxh3+ 27. Qxh3 Qxh3 28. gxh3 Bxe3+ 29. Kg2 Rd2+ 30. Kf3 Bg5 31. Bxg5 hxg5 32. Kg4 Rg2+ 33. Kh5 b6 34. Rf3 g4 35. hxg4 Rh8+ 36. Kg5 Rg8+ 37. Kf5 R8xg4 38. a4 Rg5+ 39. Ke4 R2g4+ 40. Kd3 Kb7 41. Rc1 c5 42. Rf7+ Ka6 43. Kc3 Rg3+ 44. Kb2 Rg7 45. Rf6 Rd3 46. Rxc5 Rgg3 47. Rb5 1/2-1/2

[Event "Itau Cup 8th"]
[Site "Sao Paulo"]
[Date "2004.09.26"]
[Round "2"]
[White "Crosa Coll, Martin"]
[Black "Galindo, Vinicius Lemos"]
[Result "1-0"]
[WhiteElo "2400"]
[BlackElo "2108"]
[PlyCount "47"]
[EventDate "2004.09.04"]
[EventType "swiss"]
[EventRounds "9"]
[EventCountry "BRA"]
[SourceTitle "CBM 102 Extra"]
[Source "ChessBase"]
[SourceDate "2004.11.03"]
[SourceVersion "1"]
[SourceVersionDate "2004.11.03"]
[SourceQuality "1"]

1. e4 c5 2. Nf3 Nc6 3. d4 cxd4 4. Nxd4 Nf6 5. Nc3 e5 6. Ndb5 d6 7. Bg5 a6 8. Na3 b5 9. Bxf6 gxf6 10. Nd5 f5 11. c3 Be6 12. exf5 Bxf5 13. Qf3 Bd7 14. Nf6+ Ke7 15. Nc2 Bg7 16. Nxd7 Qxd7 17. Ne3 Rhb8 18. Bd3 Kf8 19. Bxh7 Ne7 20. Rd1 Rd8 21. 0-0 Rac8 22. Rd3 d5 23. Nxd5 Nxd5 24. Bf5 1-0